LEADER 00943nam0-22003011--450- 001 990009303570403321 005 20110609180307.0 035 $a000930357 035 $aFED01000930357 035 $a(Aleph)000930357FED01 035 $a000930357 100 $a20110110d1922----km-y0itay50------ba 101 0 $ager 102 $aDE 105 $ay-------001yy 200 1 $a<>Arbeitsleistung im deutschen Kalibergbau$eunter besonderer Berücksichtigung des hannoverschen Kalibergbaues$fvon Wilhelm Röpke 210 $aBerlin$cde Gruyter$d1922 215 $a80 p.$d23 cm 225 1 $aSozialwissenschaftliche Forschungen$iAbteilung$v3 ; 1 676 $a330 700 1$aRöpke,$bWilhelm$f<1899-1966>$0374845 801 0$aIT$bUNINA$gRICA$2UNIMARC 901 $aBK 912 $a990009303570403321 952 $aXV C 133 (3,1)$b14445$fFGBC 959 $aFGBC 996 $aArbeitsleistung im deutschen Kalibergbau$9770949 997 $aUNINA LEADER 01068nam0 22002651i 450 001 UON00452199 005 20231205105046.383 100 $a20150324e1972 |0itac50 ba 101 $aeng 102 $aUS 105 $a|||| ||||| 200 1 $aˆAn ‰essay on Pope's Odyssey$ein which some particular beauties and blemishes of that work are considered$fJoseph Spence 205 $aNew York : Garland Publishing$b1972 210 $a216 p.$a22 cm 215 $aRipr. facs. dell'ed.: London, 1726. 316 $avalore stimato$5IT-UONSI Angl7 GARSPE 620 $aUS$dNew York$3UONL000050 700 1$aSPENCE$bJoseph$3UONV113529$0193622 712 $aGarland Publishing$3UONV256509$4650 801 $aIT$bSOL$c20240220$gRICA 899 $aSIBA - SISTEMA BIBLIOTECARIO DI ATENEO$2UONSI 912 $aUON00452199 950 $aSIBA - SISTEMA BIBLIOTECARIO DI ATENEO$dSI Angl 7 GAR SPE $eSI SI 5935/180 7 valore stimato$sBuono 996 $aEssay on Pope's Odyssey$91330274 997 $aUNIOR